Stations du RER B sur une carte - Statistiques

Statistiques générales
  • Ce quiz a été pris 2 146 fois
  • Le résultat moyen est 30 sur 47
Réponses sur la Carte
Les réponses sont colorées sur une échelle allant du rouge au vert en fonction du pourcentage des utilisateurs qui les ont devinées à leur premier essai. Vous pouvez retrouver ces pourcentages ci-dessous.
 
Statistiques - réponses
Station % Correct
Châtelet - Les Halles
95%
Paris-Gare du Nord
93%
Saint-Michel - Notre-Dame
88%
Denfert-Rochereau
83%
Luxembourg
83%
Aéroport Charles-de-Gaulle 1
82%
Aéroport Charles-de-Gaulle 2 TGV
82%
Cité Universitaire
81%
Massy - Palaiseau
81%
La Plaine - Stade de France
80%
Saint-Rémy-lès-Chevreuse
80%
Antony
79%
Robinson
77%
Arcueil - Cachan
73%
Bourg-la-Reine
71%
Port-Royal
71%
Gentilly
69%
Mitry - Claye
69%
Aulnay-sous-Bois
67%
Laplace
67%
Bagneux
65%
La Courneuve - Aubervilliers
64%
Parc de Sceaux
63%
Sceaux
63%
Palaiseau
62%
Orsay-Ville
60%
Sevran - Beaudottes
60%
La Croix de Berny
59%
Le Bourget
59%
Drancy
58%
Massy - Verrières
56%
Parc des Expositions
56%
Villepinte
55%
Gif-sur-Yvette
54%
Le Blanc-Mesnil
52%
Fontenay-aux-Roses
47%
Le Guichet
47%
Lozère
47%
Sevran - Livry
47%
Les Baconnets
46%
Palaiseau - Villebon
43%
Bures-sur-Yvette
42%
Fontaine Michalon
42%
Villeparisis - Mitry-le-Neuf
35%
La Hacquinière
34%
Vert-Galant
34%
Courcelle-sur-Yvette
33%
Aucun quiz correspondant
Distribution des résultats
% des personnes avec chaque résultat
Percentile par nombre de réponses
Votre historique - résultats
Vous n’avez pas pris ce quiz